[Event "Mostoles op 5th"]
[Site "Mostoles"]
[Date "2012.07.22"]
[Round "4"]
[White "Ramos del Campo, Alexander"]
[Black "Vega Gomez, Francisco Borja"]
[Result "0-1"]
[WhiteElo "2078"]
[BlackElo "2225"]
[PlyCount "104"]
[EventDate "2012.07.19"]
[EventType "swiss"]
[EventRounds "9"]
[EventCountry "ESP"]
[SourceTitle "EXT 2013"]
[Source "ChessBase"]
[SourceDate "2012.11.22"]
[SourceVersion "1"]
[SourceVersionDate "2012.11.22"]
[SourceQuality "1"]

1. e4 d5 2. exd5 Nf6 3. Bb5+ Nbd7 4. Nf3 Nxd5 5. d4 g6 6. 0-0 Bg7 7. Re1 0-0 8. Nbd2 N7b6 9. Nb3 Bg4 10. c3 a5 11. Nc5 c6 12. Be2 Bxf3 13. Bxf3 Qc7 14. Bxd5 Nxd5 15. a4 b6 16. Nd3 Rad8 17. Qf3 c5 18. Nf4 e6 19. dxc5 bxc5 20. Rd1 Nb6 21. Be3 Rxd1+ 22. Qxd1 Nc4 23. Qe2 Nxe3 24. Qxe3 Rd8 25. g3 e5 26. Nd3 c4 27. Qc5 Qc8 28. Qxc8 Rxc8 29. Nc1 Rb8 30. Rb1 e4 31. Ne2 f5 32. h4 Kf7 33. Kf1 h6 34. Ke1 g5 35. hxg5 hxg5 36. Kf1 Be5 37. Kg2 f4 38. f3 g4 39. gxf4 gxf3+ 40. Kf2 Bd6 41. Nd4 Bxf4 42. b4 cxb3 43. Rxb3 Kf6 44. Rb5 Rxb5 45. Nxb5 Kf5 46. Nd4+ Kg4 47. c4 e3+ 48. Kg1 Be5 49. Nc2 Kf4 50. c5 Ke4 51. Kf1 Bg3 52. c6 e2+ 0-1

[Event "ESP-chT CECLUB Div2 Gp1"]
[Site "Padron"]
[Date "2011.08.11"]
[Round "2"]
[White "Vega Gomez, Francisco Borja"]
[Black "San Emeterio, Rubio Jose"]
[Result "1-0"]
[WhiteElo "2220"]
[BlackElo "2037"]
[PlyCount "95"]
[EventDate "2011.08.10"]
[EventType "team-swiss"]
[EventRounds "6"]
[EventCountry "ESP"]
[SourceTitle "CBM 143 Extra"]
[Source "ChessBase"]
[SourceDate "2011.08.29"]
[SourceVersion "1"]
[SourceVersionDate "2011.08.29"]
[SourceQuality "1"]
[WhiteTeam "De Las Artes"]
[BlackTeam "Regatas"]
[WhiteTeamCountry "ESP"]
[BlackTeamCountry "ESP"]

1. Nf3 d5 2. g3 Nf6 3. Bg2 c6 4. 0-0 Bf5 5. d3 e6 6. Nfd2 Nbd7 7. e4 Bg4 8. f3 Qb6+ 9. Kh1 Bh5 10. g4 Bg6 11. g5 Nh5 12. Nb3 h6 13. gxh6 e5 14. Qe1 dxe4 15. fxe4 gxh6 16. Nc3 Be7 17. Be3 Qc7 18. Ne2 Bg5 19. Bg1 Be7 20. a4 Qd8 21. Na5 Qc7 22. Nc4 Nhf6 23. b4 h5 24. Bh3 Ng4 25. Qc3 f6 26. Ne3 Rg8 27. Ng3 Nxe3 28. Bxe3 h4 29. Nf5 Bxf5 30. Rxf5 a5 31. b5 Qd6 32. bxc6 Qxc6 33. Qb3 0-0-0 34. Rh5 Rg7 35. Be6 Kb8 36. Bd5 Qc7 37. Rb1 Nc5 38. Qc4 b6 39. Rxh4 Ka7 40. Rh6 Qd7 41. Rh4 Rb8 42. Rg1 Rxg1+ 43. Bxg1 Bf8 44. Qb5 Qc7 45. c3 Nb7 46. Bc4 Rd8 47. Qa6+ Kb8 48. Bxb6 1-0

[Event "Tres Cantos op 3rd"]
[Site "Tres Cantos"]
[Date "2011.06.26"]
[Round "5"]
[White "Vega Gomez, Francisco Borja"]
[Black "Roa Alonso, Santiago"]
[Result "1-0"]
[WhiteElo "2220"]
[BlackElo "2428"]
[PlyCount "91"]
[EventDate "2011.06.22"]
[EventType "swiss"]
[EventRounds "9"]
[EventCountry "ESP"]
[SourceTitle "EXT 2012"]
[Source "ChessBase"]
[SourceDate "2011.11.24"]
[SourceVersion "1"]
[SourceVersionDate "2011.11.24"]
[SourceQuality "1"]

1. Nf3 Nf6 2. d4 e6 3. g3 b5 4. Nbd2 Bb7 5. Nb3 a5 6. a4 b4 7. Bg2 d6 8. c4 Nbd7 9. 0-0 Be7 10. Re1 0-0 11. Nfd2 Bxg2 12. Kxg2 c6 13. e4 e5 14. Nf3 Qc8 15. Nh4 Re8 16. Nf5 Qa6 17. Qc2 Bf8 18. Bg5 h6 19. Bxf6 Nxf6 20. f3 g6 21. Ne3 exd4 22. Nxd4 h5 23. Rad1 Qb6 24. c5 dxc5 25. Nc4 Qc7 26. Nb3 h4 27. Qc1 hxg3 28. hxg3 Nh5 29. Qg5 Bh6 30. Qg4 Nf6 31. Qh4 Kg7 32. Rd6 Nh5 33. Red1 Re7 34. Nxc5 Qa7 35. Nd7 Rae8 36. e5 Qc7 37. Qd4 Re6 38. Nc5 R6e7 39. f4 Kg8 40. Qe4 Qc8 41. Rxg6+ fxg6 42. Qxg6+ Rg7 43. Qxh5 Bxf4 44. Nd6 Rxg3+ 45. Kf2 Rxe5 46. Qf7+ 1-0

[Event "Tres Cantos op 3rd"]
[Site "Tres Cantos"]
[Date "2011.06.23"]
[Round "2"]
[White "Montoya Pecurul, Marc"]
[Black "Vega Gomez, Francisco Borja"]
[Result "0-1"]
[WhiteElo "1796"]
[BlackElo "2220"]
[PlyCount "80"]
[EventDate "2011.06.22"]
[EventType "swiss"]
[EventRounds "9"]
[EventCountry "ESP"]
[SourceTitle "EXT 2012"]
[Source "ChessBase"]
[SourceDate "2011.11.24"]
[SourceVersion "1"]
[SourceVersionDate "2011.11.24"]
[SourceQuality "1"]

1. e4 d5 2. exd5 Qxd5 3. Nc3 Qa5 4. Nf3 Nf6 5. g3 e5 6. Bg2 Nc6 7. 0-0 Bg4 8. h3 Bh5 9. g4 Bg6 10. d3 0-0-0 11. Bd2 Qa6 12. Re1 Bd6 13. a3 Rhe8 14. b4 Nd4 15. Ng5 c6 16. Nge4 Bb8 17. a4 Qb6 18. Rb1 Nxe4 19. Nxe4 Qc7 20. b5 c5 21. a5 b6 22. a6 Rh8 23. Ng3 Rd7 24. Rf1 Ne6 25. Bc6 Rd6 26. Re1 f6 27. Ne4 Rxc6 28. bxc6 h5 29. Ng3 h4 30. Ne4 Be8 31. c3 Bxc6 32. Qb3 Qd7 33. Be3 Bc7 34. c4 Nd4 35. Bxd4 exd4 36. Rf1 f5 37. gxf5 Qxf5 38. f3 Qxh3 39. Kf2 Bg3+ 40. Ke2 Qg2+ 0-1

[Event "Collado Villalba op-A 27th"]
[Site "Collado Villalba"]
[Date "2010.08.21"]
[Round "2"]
[White "Alvarez Carbajales, Fermin"]
[Black "Vega Gomez, Francisco Borja"]
[Result "0-1"]
[WhiteElo "1915"]
[BlackElo "2229"]
[PlyCount "68"]
[EventDate "2010.08.20"]
[EventType "swiss"]
[EventRounds "10"]
[EventCountry "ESP"]
[SourceTitle "CBM 138 Extra"]
[Source "ChessBase"]
[SourceDate "2010.10.29"]
[SourceVersion "1"]
[SourceVersionDate "2010.10.29"]
[SourceQuality "1"]

1. e4 d5 2. exd5 Qxd5 3. Nc3 Qa5 4. d4 Nf6 5. Bd2 c6 6. Bc4 Bf5 7. Nd5 Qd8 8. Nxf6+ gxf6 9. c3 e6 10. Qf3 h5 11. h3 Nd7 12. Ne2 Nb6 13. Bb3 a5 14. a4 h4 15. 0-0-0 Nd5 16. Rhe1 Qd6 17. c4 Nb4 18. Bf4 Bh6 19. Bxh6 Rxh6 20. d5 cxd5 21. Nd4 Be4 22. Qe3 Rh5 23. f3 Bg6 24. Nb5 Qc6 25. Qd4 dxc4 26. Na7 Qc5 27. Bxc4 Qxd4 28. Rxd4 Rxa7 29. Red1 b6 30. Rd8+ Ke7 31. Rb8 Rc5 32. b3 Nd3+ 33. Kd2 Nb2 34. Rc1 Nxc4+ 0-1